000 00938nam a2200229Ia 4500
003 OSt
005 20200903101725.0
008 191128s2018 ck gr 000 0 spa d
020 _a9789587715545
040 _aCO-JMCR
_cCO-JMCR
082 0 4 _a375 .001
_bM971c
_223
100 1 _aMuñoz García, Pablo Alexander,
_eautor
_99681
245 1 0 _aCurrículos fronterizos :
_buna década de investigación en la Maestría en Práctica Pedagógica /
_cPablo Alexander Muñoz García
250 _aPrimera Edición
260 _aBogotá :
_bEcoe Ediciones : Universidad Francisco de Paula Santander,
_c2017.
300 _a108 Páginas ;
_c24 CM.
505 0 _aAproximación al estado de arte -- Horizonte teórico -- Aporte investigación de la univesidad Francisco de Paula Santander
650 2 4 _aInvestigación curricular
_99682
650 2 4 _aDesarrollo curricular
_99683
650 2 4 _aInvestigaciones pedagogía
_99684
942 _2ddc
_cBK
999 _c3983
_d3983